000 00940cam a22003017a 4500
003 CHAP
005 20220329135651.0
008 971013s1994 r 00010 d
010 _a40208
011 _a41180
035 _a45306
040 _cCHAP
082 _a583.123
_bP4
100 0 0 _aPérez Bueno, Manuel.
_989548
245 1 3 _aLa mostaza
_b: cultivo enfermedades, rendimiento e industrialización
260 _aMadrid :
_bMundi Prensa,
_c1994
300 _a163 p.
_b: ilus.
490 0 _aAgroguías Mundi-Prensa
590 _aBATCH-UPD
_b10
_c20130110
_lUCH01
_h2217
590 _aBATCH-UPD
_b10
_c20130410
_lUCH01
_h1517
590 _aBATCH-UPD
_b10
_c20130914
_lUCH01
_h1832
590 _aCONVERSION
_b10
_c20130109
_lUCH01
_h1322
650 1 4 _aMostaza.
_979046
830 0 _aAgroguias Mundi-Prensa
_92183
901 _aBK
942 _cLIBRO
949 _a583.123 P4
_bBC
_cLIBRO
_d33724000004081
_eLIBRO
_gI.c/e
_h88392
_i45306
_si
_t54.00
999 _c40208
_d40208